Giovanni Spadolini - Statistics

Statistiche generali
  • Questo quiz è stato fatto 4 volte
  • Il punteggio medio è 3 su 6
Statistiche sulle risposte
Anni Carica ricoperta % Corretto
1972-1994 Senatore
100%
1983-1987 Ministro della difesa
50%
1979-1979 Ministro dell'istruzione
50%
1981-1982 Presidente del consiglio dei ministri
50%
1974-1976 Ministro per i beni culturali e ambientali
25%
1974-1974 Ministro senza portafoglio con delega per i beni culturali e l'ambiente
25%
Nessun quiz corrispondente trovato
Distribuzione punteggi
Percentuale di utenti per punteggio
Percentile per numero di risposta
I tuoi punteggi nel tempo
Non hai fatto questo quiz